000 02452nam0a22004211 4500
001 RU\NLR\A1DV\30141
005 20260408063637.0
035 _a(NLR Aleph) 010777257
090 _a10049539
_c10049539
100 _a20010821d1801 a y0rusy50 ca
101 0 _arus
102 _aRU
140 _aam y eaakc yaa0000
200 1 _aКраткия ирмолойнаго пения правила,
_eдля священно-и-церьковнослужительских детей, Курской епархии в домех и в семинарии обучающихся
205 _aИздание второе
_fисправленное и умноженное, епископом Феоктистом курским и белоградским и кавалером
210 _aМосква
_cв Губернской типографии у А.Решетникова
_d1801
215 _a1-14, [4], 15-31, [1] с.
_cил., нот.
_d
300 _aЦенз.: Моск. ценз.
300 _aНа с.3-6 посвящ. авт. "Дар малолетным, Курской епархии священно-и-церьковно-служительским детям" с подписью: Феоктист епископ курский и белоградский. 1801 года, маия 1 дня. Белгород
300 _aНа с.7-9 предисл.
300 _aИмеются подстроч. примеч.
300 _aИл.: мнемоническое изображение руки для запоминания расположения нот.
300 _aРезц. грав.
321 1 _aСмирд. 5389
321 1 _aСоп. 8805
321 1 _aФиларет 2, с.162
518 1 _aКраткие ирмолойного пения правила
620 _dМосква
700 0 _4070
_8rus
_7ca
_aФеоктист
_cМочульский, Иван
_cархиепископ Курский и Белгородский
_f1729-1818
_3RU\NLR\AUTH\7791319
_974246
702 1 _4610
_8rus
_7ca
_aРешетников
_bА. Г.
_cиздатель
_f18 в.-19 в.
_gАндрей Гордеевич
_3RU\NLR\AUTH\77104105
_987030
712 0 0 _4610
_aРешетников,
_gА. Г.,
_hтипография
_cМосква
_3RU\NLR\AUTH\8810035690
_9569802
801 0 _aRU
_bNLR
_c20010821
852 _aNLR
_j18.128.3.115
852 _aNLR
_j139/440
942 _cBOOK
980 _aNB
980 _aA1DV